000 01156nam a2200229Ia 4500
999 _c39797
_d39797
001 6402
003 GE_BSU
005 20191114113936.0
008 181216s2006||||ge |||||||||||||| ||geo||
040 _cGE_BSU
041 _ageo
080 _a347.4 თ-68
100 _aთოდუა, მზია
_95328
245 _aვალდებულებითი სამართალი /
_cრედ: ხათუნა ყვირალაშვილი.
264 _aთბილისი :
_bსაქართველოს ახალგაზრდა იურისტთა ასოციაცია,
_c2006.
300 _a145 გვ. ;
_b24 სმ.
653 _aსამართალი
653 _aქართული და ჰოლანდიური ვალდებულებითი სამართლის შედარებითი ანალიზი
700 _aვილემსი,ჰუუბ
_eავტორი
_95329
856 _uhttp://www.humanrights.ge/admin/editor/uploads/pdf/gl_11_vald.samartali.pdf
_yელექტრონული ვერსია, pdf
942 _cBK
_2udc